000
00342 a2200157 4500
001
49894
020
_a
9788566033380
040
_c
Anchieta - Bela Vista
100
_a
Torquato, Ana Neila
240
1
0
_a
Pé de moeda
_l
por
245
1
0
_a
Pé de moeda
300
_a
20
362
0
_a
2018
650
4
_a
Literatura infanto-juvenil
942
_c
BK
999
_c
49894
_d
49894